• 首页
  • 本馆介绍
  • 公告通知
  • 最新文献
  • 馆藏检索
  • 电子资源
  • 读者导购
  • 参考咨询
  • 我的图书馆
  • 登录
  • 详细信息显示
  • 放入我的书架
  • 预约/预借图书
  • 作者相关作品
  • 分类相关作品
  • 丛书相关作品
  • 出版社相关作品

书目信息

  • 表格格式
  • 工作单格式
  • 卡片格式
题名:
2024年国家法律职业资格考试通用教材
    
 
作者: 邹龙妹 编著
分册: 第七册   国际法·国际私法·国际经济法
出版信息: 北京   中国政法大学出版社  2024
页数: 170页
开本: 26cm
丛书名:
单 册:
中图分类: D920.4 , D9
科图分类:
主题词: 国际法--资格考试--教材 , 国际私法--资格考试--教材 , 国际经济法--资格考试--教材 , 法律
电子资源:
ISBN: 978-7-5764-1277-2
000 01548nam0 2200313 450
001 012024000081
005 20240925153201.88
010    @a978-7-5764-1277-2@dCNY39.00
100    @a20240924d2024 em y0chiy50 ea
101 0  @achi
102    @aCN@b110000
105    @ak z 000yy
106    @ar
200 1  @a2024年国家法律职业资格考试通用教材@A2024 nian guo jia fa lu zhi ye zi ge kao shi tong yong jiao cai@h第七册@i国际法·国际私法·国际经济法@f邹龙妹编著
210    @a北京@c中国政法大学出版社@d2024
215    @a170页@d26cm
300    @a法大法考 邹龙妹讲三国法
314    @a邹龙妹,毕业于中国政法大学国际法学院,法学博士,律师,硕士研究生导师。兼任中国国际陷法学会常务理事。主要从事国际私法,国际法方向的教学科研工作。
330    @a本书为国际法部分。包括国际法·国际私法·国际经济法。本书严格按照国家统一法律职业资格考试大纲编撰,体系完整,编排得当,重点突出。全书渗透着参编教师多年的教学经验,体现着对法律职业资格考试规律和应考学科知识的深刻理解和把握,同时适应备考人员的学习方式、学习习惯等特点。对于相关知识点进行了解析和提示,帮助考生熟悉考试情况,适应考试规律。方便考生在理解试题的同时,也能够准确把握考点所在。
517 1  @a国际法·国际私法·国际经济法@Aguo ji fa· guo ji si fa· guo ji jing ji fa
606 0  @a国际法@x资格考试@j教材
606 0  @a国际私法@x资格考试@j教材
606 0  @a国际经济法@x资格考试@j教材
606 0  @a法律
690    @aD920.4@v5
690    @aD9@v4
701  0 @a邹龙妹@Azou long mei@4编著
801  0 @aCN@bAHXH@c20240924
905    @b214132785@b214132794@b214132801@b214132810@b214132829@dD9@e920:7@f5
    
    2024年国家法律职业资格考试通用教材.第七册.国际法·国际私法·国际经济法/邹龙妹编著.-北京:中国政法大学出版社,2024
    170页;26cm
    法大法考 邹龙妹讲三国法
    
    ISBN 978-7-5764-1277-2:CNY39.00
    本书为国际法部分。包括国际法·国际私法·国际经济法。本书严格按照国家统一法律职业资格考试大纲编撰,体系完整,编排得当,重点突出。全书渗透着参编教师多年的教学经验,体现着对法律职业资格考试规律和应考学科知识的深刻理解和把握,同时适应备考人员的学习方式、学习习惯等特点。对于相关知识点进行了解析和提示,帮助考生熟悉考试情况,适应考试规律。方便考生在理解试题的同时,也能够准确把握考点所在。
●
相关链接 在E读中查询图书 在五车中查询图书 在当当中查询图书 在豆瓣中查询图书


正题名:2024年国家法律职业资格考试通用教材     索取号:D9/920:7         预约/预借

序号 登录号 条形码 馆藏地/架位号 状态 备注
1 1413278   214132785   第一样本阅览室/ [索取号:D9/920:7] 在馆    
2 1413279   214132794   第一借阅区/ [索取号:D9/920:7] 在馆    
3 1413280   214132801   第一借阅区/ [索取号:D9/920:7] 在馆    
4 1413281   214132810   第一借阅区/ [索取号:D9/920:7] 在馆    
5 1413282   214132829   第一借阅区/ [索取号:D9/920:7] 在馆    
唐山师范学院图书馆 欢迎您!
大连网信软件有限公司© 版权所有